MARC details
| 000 -CABECERA |
| campo de control de longitud fija |
00873cam a2200253 a 4500 |
| 001 - NÚMERO DE CONTROL |
| campo de control |
000007451 |
| 005 - FECHA Y HORA DE LA ÚLTIMA TRANSACCIÓN |
| campo de control |
20260317133557.0 |
| 008 - DATOS DE LONGITUD FIJA--INFORMACIÓN GENERAL |
| campo de control de longitud fija |
970226s1996 ck b 000 0 spa |
| 020 ## - NÚMERO INTERNACIONAL ESTÁNDAR DEL LIBRO |
| Número Internacional Estándar del Libro |
9586122514 |
| 040 ## - FUENTE DE LA CATALOGACIÓN |
| Centro catalogador/agencia de origen |
DO-SdBNP |
| Lengua de catalogación |
spa |
| Centro/agencia transcriptor |
LC |
| Centro/agencia modificador |
BNPHU |
| 082 ## - NÚMERO DE LA CLASIFICACIÓN DECIMAL DEWEY |
| Número de clasificación |
526 |
| Número de documento/Ítem |
R579m |
| 049 ## - FONDOS LOCALES (OCLC) |
| Fondos de biblioteca |
BNGR |
| 100 1# - ENTRADA PRINCIPAL--NOMBRE DE PERSONA |
| Nombre de persona |
Rincón, Carlos, |
| Fechas asociadas al nombre |
1940- |
| 9 (RLIN) |
20718 |
| 245 10 - MENCIÓN DE TÍTULO |
| Título |
Mapas y pliegues : |
| Resto del título |
ensayos de cartografía cultural y de lectura de neobarroco / |
| Mención de responsabilidad, etc. |
Carlos Rincón. |
| 260 ## - PUBLICACIÓN, DISTRIBUCIÓN, ETC. |
| Lugar de publicación, distribución, etc. |
Bogotá : |
| Nombre del editor, distribuidor, etc. |
Colcultura, |
| Fecha de publicación, distribución, etc. |
1996. |
| 300 ## - DESCRIPCIÓN FÍSICA |
| Extensión |
vi, 266 p. ; |
| Dimensiones |
21 cm. |
| 586 ## - NOTA DE PREMIOS |
| Nota de premios |
Premios Nacionales de Cultura 1995 |
| 650 #4 - PUNTO DE ACCESO ADICIONAL DE MATERIA--TÉRMINO DE MATERIA |
| Término de materia o nombre geográfico como elemento de entrada |
Cartografía |
| Subdivisión general |
Ensayos, conferencias, etc. |
| 9 (RLIN) |
20719 |
| 650 #4 - PUNTO DE ACCESO ADICIONAL DE MATERIA--TÉRMINO DE MATERIA |
| Término de materia o nombre geográfico como elemento de entrada |
Arte barroco |
| Subdivisión general |
Ensayos, conferencias, etc |
| 9 (RLIN) |
20720 |
| 650 #4 - PUNTO DE ACCESO ADICIONAL DE MATERIA--TÉRMINO DE MATERIA |
| Término de materia o nombre geográfico como elemento de entrada |
Literatura |
| Subdivisión general |
Ensayos, conferencias, etc |
| 9 (RLIN) |
8705 |
| 650 #0 - PUNTO DE ACCESO ADICIONAL DE MATERIA--TÉRMINO DE MATERIA |
| Término de materia o nombre geográfico como elemento de entrada |
Cultura |
| 9 (RLIN) |
89224 |
| 650 #4 - PUNTO DE ACCESO ADICIONAL DE MATERIA--TÉRMINO DE MATERIA |
| Término de materia o nombre geográfico como elemento de entrada |
Postmodernismo |
| 9 (RLIN) |
20721 |
| 910 ## - DATOS DE OPCIÓN DEL USUARIO (OCLC) |
| Datos de opción del usuario |
Catalogación por copia / LC |